000 00696nam a2200277 a 4500
003 AR-BaBNM
005 20251128203222.0
008 082120s2002 ||||||||||||||000 | spa||
040 _cAR-BaBNM
100 1 _aBorges, Jorge Luis
245 0 0 _aEvaristo Carriego
250 _a1ª ed.
260 _aBuenos Aires
_bEmecé
_c1963
300 _a175 p.
490 0 _aObras completas de Jorge Luis Borges
_vv. 4
650 4 _aLITERATURA ARGENTINA
650 4 _aCUENTO [FORMA Y GENERO LITERARIO]
650 4 _aLITERATURA CONTEMPORANEA
650 4 _aCRIOLLISMO
650 4 _aBARRIOS
650 4 _aESCRITORES
653 _aTANGO
655 _aLITERATURA
942 _cBK
998 _cMARTIN
999 _c2446
_d2446